000 00304nam a2200133Ia 4500
008 221030s9999 xx 000 0 und d
041 _aEnglish
082 _a105.23
100 _aAnil Kumar/335
245 0 _aS/S EQUIPMENT CT,PT,CVT,WT, LA ISOLATOR
260 _aJammu
_c2004
650 _aEE
942 _cTH
999 _c272
_d272